Ekonomie
Salvato in:
| Autore principale: | |
|---|---|
| Altri autori: | , |
| Natura: | Libro |
| Lingua: | ceco |
| Pubblicazione: |
Praha
NS Svoboda
2013
|
| Edizione: | 1. vyd. |
| Soggetti: | |
| Tags: |
Nessun Tag, puoi essere il primo ad aggiungerne!!
|
MARC
| LEADER | 00000nam a2200000 4500 | ||
|---|---|---|---|
| 001 | 0226864 | ||
| 005 | 20240314075847.0 | ||
| 020 | |a 978-80-205-0629-0 | ||
| 041 | 0 | |a cze | |
| 044 | |a CZ | ||
| 245 | 1 | 0 | |a Ekonomie |c Paul A. Samuelson, William D. Nordhaus ; přeložil: Martin Gregor... [et al.] |
| 250 | |a 1. vyd. | ||
| 264 | 1 | |a Praha |b NS Svoboda |c 2013 | |
| 300 | |a 715 s. | ||
| 610 | 2 | 0 | |a veda ekonomická |
| 610 | 2 | 0 | |a mikroekonomika |
| 610 | 2 | 0 | |a makroekonomika |
| 610 | 2 | 0 | |a globalizácia hospodárstva |
| 610 | 2 | 0 | |a nezamestnanosť |
| 610 | 2 | 0 | |a inflácia |
| 610 | 2 | 0 | |a politika hospodárska |
| 100 | 1 | |a Samuelson, Paul A. | |
| 700 | 1 | |a Nordhaus, William D. | |
| 700 | 1 | |a Gregor, Martin | |